C/SO/M/M/HotY(Livestream Version) - Twenty One Pilots Lyrics (Pt 2) - Statistics

General Stats
  • This quiz has been taken 3 times
  • The average score is 127 of 498
Answer Stats
Lyrics % Correct
a
100%
a
100%
a
100%
and
100%
and
100%
And
100%
and
100%
and
100%
back
100%
back
100%
could
100%
could
100%
days
100%
days
100%
good
100%
good
100%
mama
100%
mama
100%
now
100%
now
100%
(oh)
100%
(oh)
100%
(oh)
100%
old
100%
old
100%
our
100%
our
100%
out
100%
out
100%
sang
100%
sang
100%
stressed
100%
stressed
100%
the
100%
the
100%
time
100%
time
100%
to
100%
to
100%
turn
100%
turn
100%
we
100%
we
100%
we're
100%
we're
100%
When
100%
When
100%
Chorus(Stressed Out) Wish
100%
Wish
100%
a
50%
a
50%
above
50%
alone
50%
always
50%
always
50%
Intro(Migraine) Am
50%
And
50%
and
50%
are
50%
at
50%
away
50%
Be
50%
be
50%
bed
50%
behind
50%
better
50%
better
50%
build
50%
but
50%
but
50%
by
50%
'cause
50%
'cause
50%
cloud,
50%
days
50%
death
50%
different
50%
dismal
50%
don't
50%
down
50%
dream
50%
drizzle
50%
each
50%
face
50%
face
50%
far
50%
fly
50%
Friday
50%
Fridays
50%
from
50%
give
50%
God
50%
got
50%
head
50%
headache
50%
I
50%
I
50%
Verse 1(Migraine) I-
50%
I-
50%
I
50%
I'm
50%
in
50%
it
50%
it
50%
it's
50%
it's
50%
I've
50%
know
50%
know
50%
laughing
50%
Verse 2(Migraine) Let
50%
letters
50%
make
50%
migraine
50%
migraine
50%
money,"
50%
money
50%
my
50%
my
50%
my
50%
my
50%
my
50%
my
50%
my
50%
names
50%
need
50%
now
50%
of
50%
one
50%
only
50%
or
50%
other
50%
our
50%
outer
50%
pain
50%
play
50%
play
50%
play
50%
pretend,
50%
pretend,
50%
pretend,
50%
range
50%
rocket
50%
said
50%
Saying,
50%
scream
50%
seem
50%
seems
50%
Shadows
50%
ship,
50%
sideways
50%
sleep,
50%
sleep,
50%
slight
50%
snow
50%
so
50%
Sometimes
50%
space,
50%
suicide
50%
Sundays
50%
Sundays
50%
than
50%
than
50%
Thank
50%
that
50%
the
50%
the
50%
the
50%
the
50%
the
50%
then
50%
they
50%
they're
50%
throat?
50%
Thunderstorms,
50%
to
50%
to
50%
to
50%
to
50%
to
50%
to
50%
to
50%
up,
50%
up
50%
us
50%
us
50%
used
50%
Used
50%
Outro(Stressed Out) Used
50%
used
50%
Waging
50%
"Wake
50%
wars
50%
Bridge(Stressed Out) We
50%
We
50%
weather
50%
we'd
50%
what
50%
why
50%
will
50%
will
50%
will
50%
would
50%
yeah
50%
you
50%
a
0%
about
0%
above
0%
'above'
0%
'above'
0%
'above'
0%
'above,'
0%
after
0%
alone
0%
Chorus(Migraine) Am
0%
and
0%
and
0%
and
0%
And
0%
and
0%
and
0%
And
0%
and
0%
and
0%
and
0%
And
0%
are
0%
Are
0%
'around'
0%
'around'
0%
at
0%
behind
0%
Being
0%
belief,
0%
best
0%
better
0%
blind
0%
block,
0%
but
0%
But
0%
But
0%
by
0%
by
0%
Verse 1(Morph) Can't
0%
clock
0%
cries
0%
dead
0%
death
0%
defending
0%
defenseless
0%
depressing
0%
die
0%
different
0%
do
0%
else
0%
else
0%
examiner
0%
face
0%
far,
0%
feel
0%
For
0%
For
0%
For
0%
For
0%
ghost
0%
go
0%
going
0%
guess
0%
hates
0%
have
0%
head
0%
Intro(Morph, Tyler) Hello
0%
(Hey)
0%
hounded
0%
I
0%
I
0%
I
0%
I
0%
I
0%
I
0%
I
0%
I'd
0%
if
0%
'if'
0%
'if'
0%
if
0%
Chorus(Morph) If
0%
I'll
0%
I'll
0%
I'll
0%
I'll
0%
I'm
0%
I'm
0%
I'm
0%
in
0%
in
0%
in
0%
in
0%
invades
0%
is
0%
is
0%
is
0%
is
0%
is
0%
is
0%
It
0%
it
0%
it
0%
it
0%
It's
0%
it's
0%
just
0%
just
0%
keep
0%
kid
0%
know
0%
know,
0%
know
0%
let
0%
let's
0%
love
0%
made
0%
me
0%
me
0%
me
0%
me
0%
me's
0%
migraine
0%
miracle,
0%
money
0%
money
0%
money
0%
morph
0%
morph
0%
moving,
0%
my
0%
my
0%
my
0%
my
0%
my
0%
my
0%
my
0%
need
0%
need
0%
no
0%
not
0%
not
0%
now
0%
now
0%
one
0%
one
0%
only
0%
or
0%
or
0%
other
0%
out
0%
panic,
0%
pick
0%
play
0%
play
0%
play
0%
play
0%
possible
0%
pretend,
0%
pretend,
0%
pretend,
0%
pretend,
0%
purely
0%
question
0%
remains
0%
Repeat
0%
represented
0%
represents
0%
ruthless
0%
same?
0%
scientific
0%
scream
0%
see
0%
see
0%
seems
0%
Shadows
0%
sing
0%
sleep,
0%
sleep
0%
sleeve
0%
slow
0%
solemn
0%
someone
0%
someone
0%
sometimes
0%
sorrow
0%
spies
0%
starts
0%
still
0%
still
0%
stop
0%
surrounded
0%
Suspended
0%
suspense,
0%
sword
0%
take
0%
test
0%
tested
0%
than
0%
that
0%
that
0%
that
0%
That's
0%
that's
0%
the
0%
the
0%
the
0%
the
0%
the
0%
the
0%
the
0%
the
0%
there
0%
There's
0%
they
0%
they
0%
thinking
0%
this
0%
this
0%
thoughts
0%
throat?
0%
throw
0%
time,
0%
to
0%
to
0%
to
0%
to
0%
to
0%
to
0%
to
0%
to
0%
to
0%
today,
0%
tomorrow
0%
too
0%
truly
0%
try
0%
'under'
0%
'under'
0%
'under'
0%
until
0%
up,
0%
up,
0%
used
0%
Used
0%
used
0%
used
0%
Waging
0%
wake
0%
wake
0%
wars
0%
We
0%
We
0%
we
0%
we
0%
we
0%
Pre-Chorus(Morph) We're
0%
we're
0%
we've
0%
What
0%
when
0%
when
0%
'when'
0%
'when'
0%
when
0%
when
0%
Whether
0%
while
0%
Whoa
0%
(Whoa)
0%
Whoa
0%
(Whoa)
0%
will
0%
will
0%
wonder
0%
won't
0%
writer
0%
writer's
0%
Yeah,
0%
yeah,
0%
yeah
0%
(Yeah,
0%
yeah,
0%
yeah)
0%
Yeah,
0%
yeah,
0%
yeah
0%
(Yeah,
0%
yeah,
0%
yeah)
0%
(Yeah)
0%
you
0%
you
0%
No matching quizzes found
Score Distribution
Percent of People with Each Score
Percentile by Number Answered
Your Score History
You have not taken this quiz